000 00635nam a2200241Ia 4500
003 OSt
005 20221005122430.0
006 a|||||r|||| 00| 0
007 ta
008 221004b |||||||| |||| 00| 0 ben d
020 _c45
024 _a27333
037 _b20, 20/03/2009, Mukta Dhara
_cTextual
040 _aCRL
_cCRL
_bben
041 _2ben
_aben
082 _aV53:17, 157P2
100 _aMondol Subhamaymoy
_9631977
245 0 _aJoan of ark
260 _c2007
650 _aHISTORY
942 _hV53:17, 157P2
_cTEXL
_2cc
999 _c1044276
_d1044276